| 000 -LEADER |
| fixed length control field |
00397nam a2200157Ia 4500 |
| 003 - CONTROL NUMBER IDENTIFIER |
| control field |
OSt |
| 008 - FIXED-LENGTH DATA ELEMENTS--GENERAL INFORMATION |
| fixed length control field |
220308s9999 xx 000 0 und d |
| 020 ## - INTERNATIONAL STANDARD BOOK NUMBER |
| International Standard Book Number |
9783966800013 |
| 082 ## - DEWEY DECIMAL CLASSIFICATION NUMBER |
| Classification number |
720.92 |
| Item number |
DOS |
| 100 ## - MAIN ENTRY--PERSONAL NAME |
| Personal name |
Simone Vera Bader |
| 245 #0 - TITLE STATEMENT |
| Title |
Balakrishna Doshi- Writings on Architecture |
| 260 ## - PUBLICATION, DISTRIBUTION, ETC. (IMPRINT) |
| Name of publisher, distributor, etc |
ArchiTangle GmbH (15 October 2019) |
| 365 ## - TRADE PRICE |
| Price type code |
EUR |
| 365 ## - TRADE PRICE |
| Unit of pricing |
25 |
| 942 ## - ADDED ENTRY ELEMENTS (KOHA) |
| Source of classification or shelving scheme |
|